Fiscalidad internacional del desarrollo de software y actividades vinculadas. La difícil situación del profesional / técnico argentino frente a la alta tentación de la plaza uruguaya (Registro nro. 35796)

Detalles MARC
000 -LEADER
fixed length control field 00453 a2200109 4500
001 - CONTROL NUMBER
control field ART_58909
005 - DATE AND TIME OF LATEST TRANSACTION
control field 20260410162051.0
008 - FIXED-LENGTH DATA ELEMENTS--GENERAL INFORMATION
fixed length control field 260409a
100 1# - MAIN ENTRY--PERSONAL NAME
Personal name Carbone, Sergio
245 10 - TITLE STATEMENT
Title Fiscalidad internacional del desarrollo de software y actividades vinculadas. La difícil situación del profesional / técnico argentino frente a la alta tentación de la plaza uruguaya
773 0# - HOST ITEM ENTRY
Title Impuestos
Related parts - N° 152 (jul. 2023)
Record control number REV45175

No hay ítems disponibles.